000 00516nam a22001937a 4500
003 MPLRDC
005 20220104194211.0
008 210129b ||||| |||| 00| 0 eng d
020 _a978-957-33-3024-0
082 _a861.57 SQFZ-2
100 _a山崎丰子
245 _a花纹
_c王蕰洁 译
250 _a初版
260 _a台湾
_b皇冠文化出版有限公司
_c2013
300 _b
490 _a皇冠丛书: 第4344种; 大尝: 066
650 _a日本现代小说
942 _cBK
_o861.57 SQFZ-2
999 _c65569
_d65559